Tiempo de feminismo: sobre feminismo, proyecto ilustrado y postmodernidad
Guardado en:
| Autor principal: | |
|---|---|
| Formato: | Texto |
| Publicado: |
Madrid:
Ediciones Cátedra
|
| Edición: | 2 |
| Etiquetas: |
Agregar Etiqueta
Sin Etiquetas, Sea el primero en etiquetar este registro!
|
MARC
| LEADER | 00000 a a2200000 04500 | ||
|---|---|---|---|
| 001 | 30767 | ||
| 003 | |||
| 040 | |||
| 020 | |a 84-376-1553-4 | ||
| 090 | |a 199200 | ||
| 100 | |a Amorós, Celia | ||
| 245 | |a Tiempo de feminismo: sobre feminismo, proyecto ilustrado y postmodernidad | ||
| 250 | |a 2 | ||
| 260 | |a Madrid: |b Ediciones Cátedra | ||
| 300 | |a 463 p. | ||
| 999 | |c 8418 |d 8418 | ||



